Central Library and Information Centre
Sibsagar Girls' College, Sivasagar : Assam

SELECTION FROM NEHRU (Record no. 8821)

MARC details
000 -LEADER
fixed length control field 00431cam a2200181ua 4500
008 - FIXED-LENGTH DATA ELEMENTS--GENERAL INFORMATION
fixed length control field 060101n II |||gr||||Z||||||eng
040 ## - CATALOGING SOURCE
Original cataloging agency MAIN
041 ## - LANGUAGE CODE
-- English
082 ## - DEWEY DECIMAL CLASSIFICATION NUMBER
Classification number 825 MIS
100 ## - MAIN ENTRY--PERSONAL NAME
Personal name MISHRA,GANESWAR (ed./).
245 ## - TITLE STATEMENT
Title SELECTION FROM NEHRU
260 ## - PUBLICATION, DISTRIBUTION, ETC.
Place of publication, distribution, etc. PATNA:
Name of publisher, distributor, etc. ORIENT LONGMAN.,
Date of publication, distribution, etc. 1996.
300 ## - PHYSICAL DESCRIPTION
Extent 138:
Dimensions 21CM.
700 ## - ADDED ENTRY--PERSONAL NAME
Personal name SALAPATHY,SARAT CH.
942 ## - ADDED ENTRY ELEMENTS (KOHA)
Koha item type Books
653 ## - INDEX TERM--UNCONTROLLED
Uncontrolled term English speeches
Holdings
Withdrawn status Lost status Damaged status Not for loan Collection code Home library Current library Shelving location Date acquired Full call number Barcode Date last seen Copy number Price effective from Koha item type Public note
        TBENG Central Library and Information Centre Sibsagar Girls College Central Library and Information Centre Sibsagar Girls College ENGLISH BOOK RACK 01.08.2006 825 MIS 21319 27.02.2020 1 27.02.2020 Books V


Sibsagar Girl's College © 2020. All rights reserved.
Powered by Koha.
Maintained by Abhijit Borpuzari.